El arte juglaresco en el cantar de Mio Cid

Spremljeno u:
Bibliografski detalji
Glavni autor: Chasca, Edmund de (Autor)
Format: Knjiga
Jezik:španjolski
Izdano: Madrid Gredos 1967
Serija:Biblioteca Romántica Hispánica
Teme:
Oznake: Dodaj oznaku
Bez oznaka, Budi prvi tko označuje ovaj zapis!

MARC

LEADER 00000nam a2200000 a 4500
001 UCX4922
003 CL-VaPUC
008 920813e19670000SP |||||||||||||||||spa|d
082 0 4 |a 861.09  |b CHA  |2 21 
100 0 |a Chasca, Edmund de  |e author  |9 321210 
245 1 3 |a El arte juglaresco en el cantar de Mio Cid 
300 |a 350 p 
942 |c BK 
945 |d 19920813 00:00:00 
260 |a Madrid  |b Gredos  |c 1967 
650 7 |a POESIA EPICA ESPAÑOLA HISTORIA Y CRITICA  |2 CL-VaPUC  |9 321211 
583 |a last modification  |c 19920813 00:00:00  |k Rodrigo Vera 
490 0 |a Biblioteca Romántica Hispánica 
999 |c 225290  |d 225288 
952 |0 0  |1 0  |4 0  |6 861_090000000000000_CHA_1967  |7 0  |8 A  |9 222683  |a BIBEDU  |b BIBEDU  |d 2019-11-15  |i 2914778  |l 1  |o 861.09 CHA 1967  |p 2914778  |r 2023-09-05  |s 2023-09-01  |w 2019-11-15  |y BK  |k LIT